| 000 | 00475nam a22001577a 4500 | ||
|---|---|---|---|
| 005 | 20260226112350.0 | ||
| 008 | 260226b |||||||| |||| 00| 0 eng d | ||
| 020 | _a978-178135374-5 | ||
| 100 | _aBERNARD ANDREW | ||
| 245 | _aTHE LADDER: SUPPORTING STUDENTS TOWARDS SUCCESSFUL FUTURES AND CONFIDENT CAREER CHOICES | ||
| 260 |
_aWILLISTON _bINDEPENDENT THINKING PRESS _c2021 |
||
| 300 | _aVIII,177P. | ||
| 500 | _aINCLUDES AN INDEX | ||
| 650 | _aCAREERS | ||
| 942 |
_2lcc _cBK |
||
| 999 |
_c216698 _d216698 |
||